00567nam a22001697a 450000500170000001000150001702000310003203500140006303700090007708200180008610000150010424500620011926000570018127001190023830000200035770000200037720211229155656.0 aENG-130756 a978-93-886-896-70c3999.00 aEN-114288 bDBAD a294.535095485 aRai, Raghu aShri Venkateswara of Tirupati:cRaghu Rai, Lekshmy Rajeev aChennaibWestland Publications Private Limitedc2019 a1st Floor, A Block, East Wing, Plot No. 40, SP Info City, Dr. MGR Salai, Perungudi, KandanchavadibChennaie600096 a174pc33cm(hbk) aRajeev, Lekshmy